|
|
|
|
| LEADER |
00000cam a22000004a 4500 |
| 001 |
musev2_5317 |
| 003 |
MdBmJHUP |
| 005 |
20230905040632.0 |
| 006 |
m o d |
| 007 |
cr||||||||nn|n |
| 008 |
000901s2001 ilu o 00 0 eng d |
| 010 |
|
|
|z 00046032
|
| 020 |
|
|
|a 9780810120594
|
| 020 |
|
|
|z 9780810118058
|
| 020 |
|
|
|z 9780810118041
|
| 035 |
|
|
|a (OCoLC)52052667
|
| 040 |
|
|
|a MdBmJHUP
|c MdBmJHUP
|
| 050 |
0 |
4 |
|a B3279.H94
|b C76 2001
|
| 082 |
0 |
|
|a 142/.78
|2 21
|
| 100 |
1 |
|
|a Crowell, Steven Galt.
|
| 245 |
1 |
0 |
|a Husserl, Heidegger, and the Space of Meaning :
|b Paths Toward Trancendental Phenomenology /
|c Steven Galt Crowell.
|
| 264 |
|
1 |
|a Evanston, Ill. :
|b Northwestern University Press,
|c 2001.
|
| 264 |
|
3 |
|a Baltimore, Md. :
|b Project MUSE,
|c 2012
|
| 264 |
|
4 |
|c ©2001.
|
| 300 |
|
|
|a 1 online resource (341 pages).
|
| 336 |
|
|
|a text
|b txt
|2 rdacontent
|
| 337 |
|
|
|a computer
|b c
|2 rdamedia
|
| 338 |
|
|
|a online resource
|b cr
|2 rdacarrier
|
| 490 |
0 |
|
|a Northwestern University studies in phenomenology and existential philosophy
|
| 504 |
|
|
|a Includes bibliographical references (p. 305-314) and index.
|
| 588 |
|
|
|a Description based on print version record.
|
| 600 |
1 |
0 |
|a Heidegger, Martin,
|d 1889-1976.
|
| 600 |
1 |
0 |
|a Husserl, Edmund,
|d 1859-1938.
|
| 655 |
|
7 |
|a Electronic books.
|2 local
|
| 710 |
2 |
|
|a Project Muse.
|e distributor
|
| 830 |
|
0 |
|a Northwestern University studies in phenomenology & existential philosophy.
|
| 830 |
|
0 |
|a Book collections on Project MUSE.
|
| 856 |
4 |
0 |
|z Texto completo
|u https://projectmuse.uam.elogim.com/book/5317/
|
| 945 |
|
|
|a Project MUSE - Custom Collection
|
| 945 |
|
|
|a Project MUSE - Archive Complete Foundation
|
| 945 |
|
|
|a Project MUSE - Archive Philosophy and Religion Foundation
|